Statistiques concernant Personnalités dont le nom commence par la lettre S (par images)

Cliquez ici pour prendre le quiz!

Statistiques générales

  • Ce quiz a été pris 475 fois
    (343 depuis la dernière actualisation)
  • Le résultat moyen est 14 sur 21

Statistiques - réponses

Réponse% Correct
Stromae
99%
Nicolas Sarkozy
98%
Omar Sy
98%
Will Smith
97%
Shakira
95%
Ed Sheeran
90%
Patrick Sébastien
86%
Taylor Swift
84%
Sylvester Stallone
77%
Britney Spears
73%
Michael Schumacher
65%
Michel Sardou
65%
Emma Stone
60%
Alain Souchon
59%
Luis Suárez
59%
Arnold Schwarzenegger
56%
Steven Spielberg
51%
Ben Stiller
36%
Véronique Sanson
36%
Henri Salvador
33%
Martin Scorsese
27%

Distribution des résultats

Percentile par nombre de réponses

% des personnes avec chaque résultat

Votre développement - résultats

Vous n’avez pas pris ce quiz depuis la dernière actualisation